| 000 | 02405cam a22004814i 4500 | ||
|---|---|---|---|
| 003 | PE-LiUPU | ||
| 005 | 20250731173108.0 | ||
| 008 | 111218s2018 nyu0 r 001 0 eng d | ||
| 020 | _a9780190469672 | ||
| 035 | _a(Sirsi) a250999 | ||
| 040 |
_aPE-LiUPU _bspa _cPE-LiUPU _erda |
||
| 049 | _aPRUA | ||
| 082 | 0 | 4 |
_a200.1 _bA81 _223 |
| 100 | 1 |
_aAsma, Stephen T., _eautor. |
|
| 245 | 1 | 0 |
_aWhy we need religion / _cStephen T. Asma. |
| 264 | 1 |
_aNew York : _bOxford University Press, _c2018. |
|
| 300 |
_a256 páginas ; _c25 centímetros |
||
| 336 |
_atext _2rdacontent |
||
| 337 |
_aunmediated _2rdamedia |
||
| 338 |
_avolume _2rdacarrier |
||
| 504 | _aÍndice : páginas 187-192. | ||
| 505 | 0 | _aAdventures at the Creation Museum -- For the Bible Tells Me So -- Habits of Mind -- Rehearsing to Believe -- Sorrow, Death, and Emotional Management -- The Biology of Grief -- How Does Religion Relieve Sorrow? -- All Things Are Impermanent? -- Can the State Manage Sorrow? -- Forgiveness and the Restart Button -- Emotional Regulation -- Shame and Guilt -- Forgiveness or Justice? -- Social Psychology and the Reset Button -- Moving On -- Without Truth or Reconciliation -- Mental Training: Peace, Resilience, and SacrificePeace of Mind -- Devotion: Resilience and Sacrifice -- Ecstasy, Joy, and Play -- Play -- Meaningful Conjuring -- Sexual Communion and Religion -- Cosmic Joy -- Fear and Rage -- What Is Fear? -- Religious Management of Fear -- From Fearing to Fighting -- What Is Rage? -- Developing "Eon Perspective" -- The Upside of Demonization -- The Challenge of Islam. | |
| 526 | _aSEG42 | ||
| 526 | _aSEG41 | ||
| 526 | _aSEG40 | ||
| 526 | _aSEG39 | ||
| 526 | _aP94 | ||
| 526 | _aP87 | ||
| 526 | _aP86 | ||
| 526 | _aP85 | ||
| 526 | _aP77 | ||
| 526 | _aP76 | ||
| 526 | _aP35 | ||
| 650 | 0 | 7 |
_aReligión _xReligión comparativa _2bisacsh |
| 650 | 0 | 7 |
_aEmociones _xAspectos religiosos _2fast _0(OCoLC)fst00908835. |
| 650 | 0 | 7 |
_aPsicologia religiosa _2fast _0(OCoLC)fst01081630. |
| 910 |
_adbm _bksl _cksl _d20181211 |
||
| 942 |
_2ddc _cBOOK |
||
| 994 |
_aC0 _bPEPRU |
||
| 596 | _a1 | ||
| 999 |
_a200.1 A81 _wDEWEY _c30451 _i79576 _f2021-11-9 _g4 _lCCODEBUL1 _mBUL _p20.96 _r0 _sY _tBOOK _u2018-12-11 _xTEOLOGIA _PP35 _0COMPRA _1FCOMPR2 _o.STAFF. Colección Teología _d30451 |
||
| 980 |
_81 _gALBERTO SANCHEZ Responsable de Automatización |
||